00458 a2200121 4500001001000000005001700010008004100027245006700068100003200135700002000167773013200187999001700319ART_3957620260410162012.0260409a 10aEducación, formación profesional y enfoque de competencias1 aGarcía, Pablo Sebastián1 aMarsanasco, Ana0 tDocumentos del CIECEgEnsayos sobre investigación del comportamiento de las organizaciones - Nº 5 (jul./dic. 2008)wREV39541 c32276d32276